000 00426nam a2200169Ia 4500
003 GCL
008 140319s9999 xx 000 0 eng d
040 _aGCL /
_cGCL
082 0 4 _a791.4409
_bL E
100 1 _aLAGO, MERY
245 1 0 _aE.M. FORSTER: A LITERATARY LIFE /
_cLAGO, MERY
260 _a[S.N] :
_bMac Millan Press ،
_c1995
300 _a170 P
650 0 4 _aBIOGRAPHY
650 0 4 _aFORSTER, M.E
942 _2ddc
_cBK
999 _c24232
_d24232